000 00682nam a2200241Ia 4500
003 OSt
005 20220916111048.0
006 a|||||r|||| 00| 0
007 ta
008 220915b |||||||| |||| 00| 0 eng d
024 _a245762
037 _cTextbook
040 _beng
_aARTS
_cARTS
041 _aeng
082 _aO155,2(NT), K7
100 _aNadkarni Dnyaneshwar
245 0 _aNew directions in the marathi theatre
260 _aDelhi
_bThe Chief Information Officer Maharashtra Information Center India
300 _a53p.
_ccm.
650 _aENGLISH LITERATURE
942 _hO155,2(NT), K7
_cTB
_2CC
999 _c104804
_d104804